Sports Quiz

Random Sports or NBA Quiz

Big 4 Title Droughts Blitz Quiz Stats

 Plays Quiz Updated Jun 20, 2018

Challenge
Share
Tweet
Embed
Score 0/25 Timer 03:00
2 Plays Today
League Team % Correct
NFLCleveland Browns
77.8%
NFLDetroit Lions
65.8%
NFLNew York Jets
57.4%
MLBCleveland Indians
54.8%
NFLMinnesota Vikings
53.9%
NFLArizona Cardinals
51.7%
NFLBuffalo Bills
50.1%
NFLCincinnati Bengals
48%
NFLTennessee Titans
45.7%
NFLLos Angeles Chargers
43.4%
MLBTexas Rangers
42.4%
NFLKansas City Chiefs
42%
NBALos Angeles Clippers
37%
League Team % Correct
NFLAtlanta Falcons
35.1%
MLBMilwaukee Brewers
34.4%
MLBSan Diego Padres
34.3%
NHLToronto Maple Leafs
32%
NBAMilwaukee Bucks
31.5%
NBASacramento Kings
31.4%
MLBWashington Nationals
29.1%
NBAAtlanta Hawks
27.5%
NHLVancouver Canucks
25.5%
NHLSt. Louis Blues
20.2%
NHLBuffalo Sabres
19.4%
NBAPhoenix Suns
17.6%

You're not logged in!

Compare scores with friends on all Sporcle quizzes.
Join for Free
OR
Log In

You Might Also Like...

Show Comments

Extras

Top Quizzes Today


Score Distribution

Your Account Isn't Verified!

In order to create a playlist on Sporcle, you need to verify the email address you used during registration. Go to your Sporcle Settings to finish the process.

Report this User

Report this user for behavior that violates our Community Guidelines.

Details: